000 00766cab a2200241 4500
001 ABS58799
008 090401t1998 xxu||||| |||| 00| 0 eng d
035 _a(Sirsi) u86635
041 _aeng
100 _aTutcher, S.
245 _aRevaluation 2000 reflects end of recession
260 _c1998
350 _a0
490 _aProperty Week
_v36(6) 22 May 1998, 38(1)
520 _aReports on the likely increases in non-domestic rates with the 1 April 2000 revaluation. Indications suggest that values will rise by 10 to 15 per cent across the UK.
650 _aBUSINESS RATES
650 _aNON-DOMESTIC RATES
650 _aRATEABLE VALUES
650 _aRATING REVALUATION 2000
690 _aRATING AND VALUATION
942 _n0
948 _c08/06/1998
999 _c54554
_d54554